Catálogo

HISTORIA DE LA TEOLOGIA CRISTIANA : (Registro nro. 39358)

Detalles MARC
000 -LEADER
fixed length control field 00773nam a2200205 a 4500
001 - CONTROL NUMBER
control field 39358
005 - DATE AND TIME OF LATEST TRANSACTION
control field 20180714012903.0
008 - FIXED-LENGTH DATA ELEMENTS--GENERAL INFORMATION
fixed length control field 140415s1987 sp 000 0 spa d
020 ## - INTERNATIONAL STANDARD BOOK NUMBER
International Standard Book Number 8425416221
041 ## - LANGUAGE CODE
Language code of text/sound track or separate title spa
082 ## - DEWEY DECIMAL CLASSIFICATION NUMBER
Classification number 270
Item number BIB
100 1# - MAIN ENTRY--PERSONAL NAME
Personal name VILANOVA, EVANGELISTA
245 10 - TITLE STATEMENT
Title HISTORIA DE LA TEOLOGIA CRISTIANA :
Remainder of title PRERREFORMA, REFORMAS, CONTRARREFORMA
250 ## - EDITION STATEMENT
Edition statement 1a ed.
260 ## - PUBLICATION, DISTRIBUTION, ETC.
Place of publication, distribution, etc. ESPAÑA :
Name of publisher, distributor, etc. HERDER,
Date of publication, distribution, etc. 1987
300 ## - PHYSICAL DESCRIPTION
Extent 3
Dimensions x 14.2 x 21.5
490 ## - SERIES STATEMENT
Series statement BIBLIOTECA HERDER SECCION DE TEOLOGIA Y FILOSOFIA
520 ## - SUMMARY, ETC.
Summary, etc. ESTUDIA UN PERIODO CORTE (LOS SIGLOS XV, XVI Y XVII), INCLUYE LOS FENOMENOS HISTORICOS DE LA PRERREFORMA, LAS REFORMAS CATOLICA Y PROTESTANTE Y LA CONTRARREFORMA.
650 14 - SUBJECT ADDED ENTRY--TOPICAL TERM
Topical term or geographic name entry element IGLESIA
General subdivision HISTORIA
-- EDAD MODERNA, 1500
Existencias
Withdrawn status Lost status Source of classification or shelving scheme Damaged status Not for loan Collection code Home library Current library Shelving location Date acquired Source of acquisition Inventory number Total Checkouts Total Renewals Full call number Barcode Date last seen Date last checked out Price effective from Koha item type
    Dewey Decimal Classification     General Biblioteca Karol Wojtyla Biblioteca Karol Wojtyla Sala general 03/12/2013 Compra 151000000000000000058884 3 2 270 BIB 59069 05/01/2026 18/10/2024 03/12/2013 Libro